WWE Pillow Fight Matches Quiz Stats

 Plays Quiz not verified by Sporcle

Challenge
Share
Tweet
Embed
Score 0/7 Timer 03:00
0 Plays Today
Match Winner % Correct
Christy Hemme vs Carmella DeCesare???
91.7%
Christy Hemme vs Stacy Kebler???
67.4%
Candice Michelle vs Torrie Wilson???
62.9%
Christy Hemme vs Candice Michelle???
62.1%
Maria Kanellis vs Christy Hemme???
60.6%
Stacy Kebler vs Terri???
56.1%
Mickie James vs Jillian Hall vs Ashley Massaro vs Maria Kanellis vs Melina Perez???
34.1%

You're not logged in!

Compare scores with friends on all Sporcle quizzes.
OR
Log In

You Might Also Like...

Show Comments

Extras

Top Quizzes Today


Score Distribution

Your Account Isn't Verified!

In order to create a playlist on Sporcle, you need to verify the email address you used during registration. Go to your Sporcle Settings to finish the process.

Report this User

Report this user for behavior that violates our Community Guidelines.

Details: